000 00533nam a2200169 i 4500
001 36544
003 ES-MaACL
005 20230906155405.0
007 t|
008 030218s1963 pr ||||1| spa d
100 1 _aBraschi, Wilfredo.
_931386
245 1 0 _aCuatro caminos
_b: crónicas de viaje /
_cWilfredo Braschi ; prólogo de Samuel Gili Gaya.
260 _aSan Juan de Puerto Rico :
_bJuan Ponce de León,
_c1963.
300 _a238 p. ;
_c25 cm.
700 1 _aGili Gaya, Samuel.
_956938
852 _aES-MaACL
_jC-23581
_bR.52090
999 _c36544
_d36544